000 00446nam a2200169Ii 4500
003 JO-AjNU
008 230606s9999||||xx |||||||||||||| ||und||
040 _aJO-AjNU
_beng
_erda
_cJO-AjNU
041 _aeng
100 3 _aFishret,
_eauthor
_92955
245 0 0 _aHuman Resource Management
250 _a4 ed
264 3 1 _aBoston ,1999
336 _atext
_btxt
_2rdacontent
337 _aunmediated
_bn
_2rdamedia
338 _avolume
_bnc
_2rdacarrier
999 _aE1548
_c1548
_d1548